Socios Comerciales más Grandes - Nueva Zelanda - Estadísticas

Estadísticas generales
  • Esta prueba ha sido intentada 54 veces
  • La puntuación promedio es 16 de 19
Estadísticas de respuestas
exportaciones importaciones país % Correcto
5,85 bil 4,33 bil Australia
100%
6,04 bil 7,15 bil China
100%
4,04 bil 4,31 bil Estados Unidos
100%
0,57 bil 0,63 bil Indonesia
98%
2,07 bil 2,39 bil Japón
98%
0,48 bil 1,71 bil Alemania
96%
1,10 bil 1,35 bil Corea del Sur
94%
0,96 bil Francia
94%
1,17 bil 0,94 bil Reino Unido
92%
0,66 bil 1,22 bil Malasia
90%
0,47 bil 0,45 bil Canadá
88%
0,69 bil Italia
88%
0,54 bil 1,51 bil Tailandia
83%
0,45 bil Filipinas
81%
0,76 bil 1,26 bil Singapur
79%
0,78 bil 0,54 bil Taiwán
75%
0,57 bil Países Bajos
67%
0,58 bil Emiratos Árabes Unidos
58%
0,46 bil Catar
50%
No se encontraron pruebas coincidentes
Distribución de puntuación
Porcentaje de gente con cada puntuación
Porcentaje por número respondido
Historial de tus puntuaciones
No has intentado esta prueba.